Datum a čas kvízu
38
Celkem bodů
Celkový počet nahraných bodů na tomto kvízu bez doplňovacích otázek.
4.
Pořadí na kvízu
Konečné umístění týmu na tomto kvízu.
Zaznamenané odpovědi
| # | Otázka | Odpověď | Body | Výsledky |
|---|---|---|---|---|
| 1. | Aktuální popularity čínské zub... | Jana Maláčová | 1 | |
| 2. | Kontroverzní projekt výstavby... | C) penis | 1 | |
| 3. | O víkendu byla zakončena série... | pod Bezdězem | 1 | |
| 4. | Ve čtvrtek oznámili vědci z Pa... | Osudy dobrého vojáka Švejka (za světové války) | 1 | |
| 5. | Přestupová sága táhnoucí se ně... | Ladislav Krejčí; Wolverhampton (Wanderers FC) | 1 | |
| 6. | Jak se nazývá věda, která se z... | adiktologie | 1 | |
| 7. | V dnešní době se hodně mluví o... | A) netolismus | 1 | |
| 8. | Na fotografii vidíte asi nejzn... | Katka, Helena Třeštíková | 1 | |
| 9. | Při léčbě některých závislostí... | C | 1 | |
| 10. | Téma zakončíme u knih. Holky n... | Ivona Březinová | 0 |